000 01140nam a2200241Ia 4500
003 Ost
005 20260507075732.0
008 260507s9999||||xx |||||||||||||| ||und||
040 _cfsecg
041 _aara
082 _a332.6
100 _aحنفي، عبد الغفار
_eمؤلف
245 0 _aاساسيات الاستثمار في بورصة الاوراق المالية /
_c عبد الغفار حنفي
260 _aالاسكندرية:
_bدار الجامعية,
_c2001
300 _a489 صفحة؛
_c24 سم
504 _aبيبليوغرافيا: ص. 569-572
520 _aالاستثمار واسواق الاوراق المالية- الاستثمار في الاوراق المالية، اسواق الاوراق المالية، مؤشرات الاسهم قياس عائد ومخاطرالاوراق المالية-تحليل وتقويم الاسهم-تحليل وتقويم السندات-اسواق رأس المال في مصر-الخيارات
653 _aالاستثمار
653 _aالاسهم
653 _aالاوراق المالية
653 _aالبورصات
942 _cكتاب
999 _c46043
_d46043